000 00458nam a22001457a 4500
082 _a005
100 _aMatloob, Irum
245 _aAnalysis of ECG Survey Data by Applying Clustering Algorithm /
_cIrum Matloob
260 _aIslamabad :
_bMCS - NUST,
_c2012.
300 _a78 p. ;
_c30cm.
650 _aComputer Science-MS-Thesis
_916114
700 _aDr. Shoab Ahmed Khan
_916053
942 _2ddc
_cTHE
999 _c540855
_d540855